000 01086nam a22002417a 4500
999 _c166093
_d166093
005 20190802103556.0
010 _aB-728304
020 _a9789353062255(v.2)
_c350.00
035 _aB-728304
037 _bAksharesh Enterprises
082 _a570
100 _aRajiv Vijay
245 _aObjective biology for NEET (National Eligibility Cum Entrance Test) and other medical entrance examinations /
_cby Rajiv Vijay ; edited by Nandini Basu [and] Vipin Kumar
250 _a3rd ed
260 _aNoida (U.P.)
_bPearson
_c2019
270 _a15th Floor, Tower-B, World Trade Tower, Plot No.1, Block-C, Sector 16
_bNoida, U.P.
_e201301
300 _avarious pagings:
_bill.
_c24cm(pbk)
505 _av.2- Reproduction, Genetics and Evolution, Biology in Human Welfare, Biotechnology, Ecology.
700 _aBasu, Nandini
700 _aVipin Kumar
942 _2ddc
_cEN
_h570
_mRAJ